[Event "Moscow Open A 2016"]
[Site "Moscow RUS"]
[Date "2016.02.01"]
[Round "3.60"]
[White "Miroshnichenko, Pavel"]
[Black "Kalashnikov, Konstantin"]
[Result "0-1"]
[BlackTitle "IM"]
[WhiteElo "2263"]
[BlackElo "2381"]
[WhiteFideId "4188659"]
[BlackFideId "4136004"]
[EventDate "2016.01.30"]

1. e4 c5 2. Nf3 g6 3. Nc3 Bg7 4. d4 cxd4 5. Nxd4 Nc6 6. Be3 Nf6 7. Bc4 O-O 8.
Bb3 d6 9. h3 Bd7 10. Nf3 Rc8 11. O-O Na5 12. Qe2 a6 13. Rfd1 Rxc3 14. bxc3 Nxe4
15. Bd4 Nxc3 16. Bxc3 Bxc3 17. Rab1 Bf6 18. Qe3 Kg7 19. Ng5 Bc6 20. Ne4 Bxe4 21.
Qxe4 Qc7 22. a4 b6 23. Qe2 Ra8 24. Bd5 Ra7 25. Be4 e6 26. Bd3 Nb7 27. Bxa6 Nc5
28. Bb5 d5 29. Rb4 Ra8 30. Qe3 Rd8 31. Be2 e5 32. c3 h5 33. Bf3 e4 34. Be2 Rd6
35. h4 Be5 36. Rb5 Nxa4 37. Rbxd5 Rxd5 38. Rxd5 Nxc3 39. Rd2 Bf4 40. Qd4+ Kh7
41. Qd7 Nxe2+ 42. Kf1 Qc1+ 43. Rd1 Qc4 44. Re1 Nc3+ 45. Kg1 b5 46. g3 Bh6 47.
Ra1 e3 48. f4 Bg7 49. Re1 e2 50. Qe8 Qd4+ 51. Kg2 Qd5+ 52. Kh2 Qd1 53. Rg1 Qf1
54. f5 Qf2+ 55. Kh1 Qxf5 56. g4 Qf3+ 57. Kh2 hxg4 58. Rg2 Qh3+ 0-1

[Event "Moscow Open A 2016"]
[Site "Moscow RUS"]
[Date "2016.02.01"]
[Round "3.61"]
[White "Musaev, Rasul"]
[Black "Linker, Mikhail"]
[Result "0-1"]
[WhiteTitle "FM"]
[WhiteElo "2379"]
[BlackElo "2241"]
[WhiteFideId "24146870"]
[BlackFideId "14101734"]
[EventDate "2016.01.30"]

1. e4 c5 2. Nf3 d6 3. d4 cxd4 4. Nxd4 Nf6 5. Nc3 g6 6. Be3 Bg7 7. f3 O-O 8. Qd2
Nc6 9. O-O-O Nxd4 10. Bxd4 Qa5 11. Kb1 Rd8 12. g4 Be6 13. g5 Nh5 14. Bxg7 Kxg7
15. f4 Rac8 16. f5 gxf5 17. Bh3 Rxc3 18. Qxc3+ Qxc3 19. bxc3 fxe4 20. Bxe6 fxe6
21. Rhe1 Rc8 22. Rxe4 e5 23. Ra4 a6 24. Rb4 b5 25. Kb2 Nf4 26. a4 Rc5 27. c4
bxc4 28. Rb6 c3+ 29. Ka3 Ne2 30. Rxa6 Nd4 31. Rc1 e4 32. Ra7 Kf7 33. Rf1+ Ke6
34. Rd1 Nxc2+ 35. Kb3 Ne3 36. Re1 c2 37. Kb2 Nd1+ 38. Kc1 Nf2 39. Kd2 Nd3 0-1

[Event "Moscow Open A 2016"]
[Site "Moscow RUS"]
[Date "2016.02.01"]
[Round "3.62"]
[White "Shandrygin, Nikita"]
[Black "Sanzhaev, Darsen"]
[Result "1-0"]
[BlackTitle "FM"]
[WhiteElo "2236"]
[BlackElo "2373"]
[WhiteFideId "24198668"]
[BlackFideId "24120030"]
[EventDate "2016.01.30"]

1. e4 c5 2. Nf3 e6 3. d4 cxd4 4. Nxd4 a6 5. Nc3 Qc7 6. Be2 Nf6 7. a3 b5 8. O-O
Bb7 9. Re1 Bc5 10. Bf3 d6 11. Nb3 Bb6 12. Bf4 e5 13. Be3 Nbd7 14. Qd2 Nc5 15.
Nxc5 Bxc5 16. Rad1 O-O 17. Bxc5 dxc5 18. Qe3 Rad8 19. Nd5 Bxd5 20. exd5 Rfe8 21.
Be4 g6 22. f3 Re7 23. c4 bxc4 24. Qc3 Ne8 25. Qxc4 Qb6 26. Rc1 Rc8 27. Kh1 Nd6
28. Qa4 c4 29. Re2 Rc5 30. Qd1 Nb5 31. Rd2 Nd4 32. Rc3 Qd6 33. h3 f5 34. Bc2
Qxd5 35. b3 Qc6 36. b4 Rd5 37. Bb3 Kg7 38. Rxc4 Qf6 39. f4 Red7 40. Ba4 Rd8 41.
Rc7+ Kh8 42. Bb3 R5d7 43. fxe5 Qxe5 44. Rc5 Qf6 45. Bc4 Rd6 46. Rd3 f4 47. Qe1
R6d7 48. Qf2 Nf5 49. Rxd7 Ng3+ 50. Kh2 Rxd7 51. Rd5 Rxd5 52. Bxd5 Kg7 53. Qa7+
Kh6 54. Qf7 Qd6 55. Qe6 Qc7 56. Qf6 Nf5 57. Qf8+ Kg5 58. Bf3 Qc1 59. h4+ Nxh4
60. Qe7+ Kf5 61. Qxh4 h5 62. Qe7 Qxa3 63. Qe4+ Kg5 64. Qe5+ Kh6 65. Qxf4+ Kg7
66. Qd6 Qc1 67. Qe5+ Kh6 68. Kg3 Kh7 69. Qf4 Qh1 70. Be4 Qe1+ 71. Kh2 Kg7 72.
Bd3 Qe6 73. Qe4 Qd6+ 74. Kg1 Kh6 75. Qe3+ Kg7 76. Qa7+ Kh6 77. Qe3+ Kg7 78. Qe4
Qf6 79. g3 Kh6 80. Kg2 Qb2+ 81. Kf3 Qf6+ 82. Ke3 Kh7 83. Qf4 Qe6+ 84. Kd2 Qa2+
85. Bc2 Qa3 86. Qf7+ Kh8 87. Qb3 1-0

[Event "Moscow Open A 2016"]
[Site "Moscow RUS"]
[Date "2016.02.01"]
[Round "3.63"]
[White "Shevchenko, Kirill"]
[Black "Salemgareev, Tagir"]
[Result "1-0"]
[WhiteTitle "FM"]
[WhiteElo "2373"]
[BlackElo "2223"]
[WhiteFideId "14129574"]
[BlackFideId "24199052"]
[EventDate "2016.01.30"]

1. e4 e5 2. Nf3 Nc6 3. Bb5 g6 4. O-O Bg7 5. c3 Nge7 6. d4 exd4 7. cxd4 a6 8. Ba4
O-O 9. Nc3 d6 10. h3 b5 11. Bc2 Na5 12. Bf4 h6 13. Re1 g5 14. Bh2 b4 15. Ne2 f5
16. Ng3 f4 17. Nh5 Bh8 18. e5 Bf5 19. Bxf5 Nxf5 20. Qa4 c5 21. dxc5 dxc5 22.
Rad1 Qb6 23. e6 Rae8 24. h4 g4 25. Ne5 Bxe5 26. Rxe5 Nc6 27. e7 Rxe7 28. Rxe7
Ncxe7 29. Qb3+ Kh7 30. Nxf4 Nd4 31. Qd3+ Nef5 32. Ne2 Qg6 33. h5 Nxe2+ 34. Qxe2
Qxh5 35. Be5 Rf7 36. Rd8 Ng7 37. Qc2+ Qf5 38. Qxc5 Qe4 39. Bxg7 Rxg7 40. Qc1 a5
41. Rd6 Rg6 42. Rd7+ Rg7 43. Rxg7+ Kxg7 44. Qc7+ Kg6 45. Qb6+ Kg7 46. Qxa5 Qb1+
47. Kh2 Qxb2 48. Kg3 Qd4 49. Qf5 Qc3+ 50. Kxg4 Qc4+ 51. Kg3 Qxa2 52. Qg4+ Kh7
53. Qxb4 Qd5 54. Qe7+ Kg6 55. f3 Qd2 56. Qe6+ Kg7 57. Qg4+ Kh7 58. Qf4 Qa2 59.
Qf5+ Kg7 60. Kh3 Qb2 61. g3 Qf2 62. Kg4 Qd4+ 63. Kh5 Qd6 64. Qg4+ Kh7 65. Qe4+
Kg7 66. Qb7+ Kh8 67. f4 Qe6 68. Qb8+ Kh7 69. Qc7+ Kg8 70. Qd8+ Kh7 71. Kh4 Kg7
72. Qc7+ Kg8 73. Qe5 Qc6 74. Kh5 Kf7 75. Qf5+ Kg7 76. Kg4 Kg8 77. Qd3 Kg7 78.
Qd4+ Kf7 79. f5 Qb5 80. Qa7+ Kf6 81. Qa1+ Kf7 82. Qa2+ Kg7 83. Qe6 Qa4+ 84. Kh3
h5 85. Qg6+ Kf8 86. Qxh5 Qe4 87. Qh6+ Kf7 88. Qe6+ 1-0

[Event "Moscow Open A 2016"]
[Site "Moscow RUS"]
[Date "2016.02.01"]
[Round "3.64"]
[White "Derbenev, Andrey"]
[Black "Hadzimanolis, Antonios"]
[Result "1-0"]
[WhiteTitle "IM"]
[BlackTitle "FM"]
[WhiteElo "2367"]
[BlackElo "2219"]
[WhiteFideId "4154169"]
[BlackFideId "4202813"]
[EventDate "2016.01.30"]

1. e4 e5 2. Nf3 Nc6 3. Bc4 Nf6 4. d3 Be7 5. c3 O-O 6. O-O d5 7. exd5 Nxd5 8. Re1
Bg4 9. h3 Bh5 10. Nbd2 Kh8 11. Nf1 f5 12. Ng3 Bg6 13. Bb5 f4 14. Nf1 Bh5 15.
Bxc6 bxc6 16. Rxe5 g5 17. N1d2 Bd6 18. Re1 Rg8 19. Qa4 c5 20. b3 Nb6 21. Qa5 g4
22. hxg4 Bxg4 23. c4 Rg6 24. Bb2+ Kg8 25. Qc3 Kf7 26. Ne5+ Bxe5 27. Qxe5 Qd6 28.
Ne4 Qxe5 29. Bxe5 f3 30. Bg3 h5 31. gxf3 Bxf3 32. Re3 Bg4 33. Kh2 Nd7 34. Bxc7
h4 35. Rg1 Rf8 36. f3 Bh5 37. Nd6+ Kf6 38. Rge1 Kg5 39. Re7 Rxf3 40. Ne4+ Kh6
41. Rxd7 Bg4 42. Rd6 Be6 43. Ng5 Rxg5 44. Rexe6+ Kh5 45. Rh6+ Kg4 46. Rdf6 1-0

[Event "Moscow Open A 2016"]
[Site "Moscow RUS"]
[Date "2016.02.01"]
[Round "3.65"]
[White "Yandarbiev, Ruslan"]
[Black "Selivanov, Ivan"]
[Result "1-0"]
[WhiteTitle "IM"]
[WhiteElo "2368"]
[BlackElo "2210"]
[WhiteFideId "4115023"]
[BlackFideId "24199060"]
[EventDate "2016.01.30"]

1. e4 c5 2. Nf3 a6 3. c4 e6 4. d4 cxd4 5. Nxd4 Nf6 6. Bd3 Qc7 7. Qe2 d6 8. O-O
Be7 9. b3 Nbd7 10. Bb2 O-O 11. Nc3 b6 12. Rac1 Bb7 13. f4 Rac8 14. Kh1 Rfe8 15.
Bb1 Bf8 16. Nf3 g6 17. Rcd1 d5 18. e5 Nh5 19. Ng5 dxc4 20. Nxh7 Ng3+ 21. hxg3
Kxh7 22. bxc4 Bc5 23. g4 Rh8 24. Kh2 Kg7+ 25. Kg3 Be7 26. g5 Nc5 27. Rh1 Qc6 28.
Rxh8 Rxh8 29. Nd5 Bd8 30. Nf6 Be7 31. Rd6 Bxd6 32. exd6 Rd8 33. Nd5+ Kf8 34. Qe5
Ke8 35. Nf6+ Kf8 36. Ne4 Ke8 37. Qf6 Kd7 38. Nxc5+ bxc5 39. Qxf7+ Kc8 40. Be4
Qd7 41. Qxg6 Qxd6 42. Be5 Bxe4 43. Qxe4 Qd3+ 44. Qxd3 Rxd3+ 45. Kh4 Kd7 46. g6
Ke7 47. g4 Rd2 48. Kg5 Rxa2 49. Bd6+ 1-0

[Event "Moscow Open A 2016"]
[Site "Moscow RUS"]
[Date "2016.02.01"]
[Round "3.66"]
[White "Mkrtchyan, Sargis R."]
[Black "Samusenko, Maksim"]
[Result "0-1"]
[BlackTitle "FM"]
[WhiteElo "2214"]
[BlackElo "2362"]
[WhiteFideId "13307878"]
[BlackFideId "4112253"]
[EventDate "2016.01.30"]

1. d4 Nf6 2. Nf3 g6 3. c4 Bg7 4. Nc3 O-O 5. e4 d6 6. h3 e5 7. d5 Na6 8. Bg5 Qe8
9. Be2 Nc5 10. Nd2 a5 11. g4 h6 12. Be3 Nh7 13. Rg1 Kh8 14. Qc2 Bd7 15. O-O-O a4
16. Nf3 Qe7 17. Qd2 Nf6 18. Bxh6 Nfxe4 19. Nxe4 Nxe4 20. Qe3 Nc5 21. h4 f6 22.
Nd2 Rae8 23. f3 Bxh6 24. Qxh6+ Qh7 25. Qe3 Kg7 26. h5 g5 27. Ne4 b6 28. b4 axb3
29. axb3 Ra8 30. Kb2 Ra7 31. Ra1 Rfa8 32. Nxc5 bxc5 33. Bd3 Qh8 34. Qe4 f5 35.
gxf5 Rxa1 36. Rxa1 Rxa1 37. Kxa1 Qxh5 38. f4 gxf4 39. Qg2+ Kf7 40. f6 Qg4 0-1

[Event "Moscow Open A 2016"]
[Site "Moscow RUS"]
[Date "2016.02.01"]
[Round "3.67"]
[White "Vdovin, Vadim"]
[Black "Ahmadzada, Ahmad"]
[Result "1/2-1/2"]
[WhiteTitle "FM"]
[BlackTitle "CM"]
[WhiteElo "2361"]
[BlackElo "2203"]
[WhiteFideId "24107158"]
[BlackFideId "13413007"]
[EventDate "2016.01.30"]

1. e4 c5 2. Nf3 e6 3. d4 cxd4 4. Nxd4 Nf6 5. Nc3 d6 6. Be2 Be7 7. O-O O-O 8. Be3
Nc6 9. f4 e5 10. Nb3 exf4 11. Bxf4 Be6 12. Kh1 d5 13. e5 Nd7 14. Nxd5 Ndxe5 15.
Nxe7+ Qxe7 16. Qe1 Rad8 17. Qg3 f6 18. Rfe1 Kh8 19. Be3 Qf7 20. Nc5 Bc4 21. Bd1
b6 22. Ne4 Rfe8 23. b3 Be6 24. Rf1 Qg6 25. Nf2 Qxg3 26. hxg3 Bf5 27. g4 Bg6 28.
Bf4 h6 29. c3 Nd3 30. Nxd3 Bxd3 31. Rg1 Re4 32. Bc1 Be2 33. Bxe2 Rxe2 34. Bf4 g5
35. Bg3 Rd3 36. Kh2 Rxc3 37. Rac1 Rcc2 38. Rxc2 Rxc2 39. Rd1 Rxa2 40. Rd6 Rc2
41. Rxf6 Kg7 42. Rd6 a5 43. Rd7+ Kg8 44. Rb7 Nd4 45. Rxb6 Rb2 46. Rxh6 Rxb3 47.
Rg6+ Kf7 48. Rxg5 a4 49. Ra5 a3 50. Ra6 Nc2 51. g5 Ne3 52. g6+ Kg8 53. Kg1 Ng4
54. Be1 Kg7 55. Kf1 Ne5 56. Bf2 Rb1+ 57. Ke2 Rb2+ 58. Kf1 Rb1+ 59. Ke2 Rb2+ 60.
Kf1 Rb1+ 1/2-1/2

[Event "Moscow Open A 2016"]
[Site "Moscow RUS"]
[Date "2016.02.01"]
[Round "3.68"]
[White "Asadli, Vugar"]
[Black "Kalinin, Nikita"]
[Result "1/2-1/2"]
[WhiteTitle "FM"]
[WhiteElo "2357"]
[BlackElo "2200"]
[WhiteFideId "13405764"]
[BlackFideId "24155390"]
[EventDate "2016.01.30"]

1. Nf3 f5 2. d3 d6 3. e4 e5 4. Nc3 Nf6 5. exf5 Be7 6. d4 e4 7. Nh4 O-O 8. g3 d5
9. Be3 c6 10. Rg1 Ne8 11. Ng2 Bxf5 12. Be2 b5 13. Qd2 Nd6 14. Bf4 Nd7 15. Ne3
Nc4 16. Nxc4 bxc4 17. Nd1 Nf6 18. Ne3 Be6 19. c3 Qd7 20. O-O-O Ng4 21. Bxg4 Bxg4
22. Rde1 Be6 23. h4 Rf7 24. Rh1 Raf8 25. h5 Kh8 26. Rh2 Bg4 27. Rg1 Kg8 28. Kb1
a6 29. Qc2 Be6 30. Kc1 Kh8 31. Rgh1 Kg8 32. Qd2 Kh8 33. Ng2 Bg4 34. Ne3 Bf3 35.
Rg1 Bg4 36. Qc2 Be6 37. Rgh1 Kg8 38. Kb1 Qc8 39. Ka1 Qd7 40. Rf1 Qc8 1/2-1/2

[Event "Moscow Open A 2016"]
[Site "Moscow RUS"]
[Date "2016.02.01"]
[Round "3.69"]
[White "Drygalov, Sergey"]
[Black "Taalaibekov, Tagir"]
[Result "1-0"]
[WhiteElo "2356"]
[BlackElo "2181"]
[WhiteFideId "24171743"]
[BlackFideId "13801163"]
[EventDate "2016.01.30"]

1. Nf3 e6 2. c4 f5 3. g3 Nf6 4. Bg2 Be7 5. O-O O-O 6. b3 a5 7. d4 d5 8. Ba3 c6
9. Bxe7 Qxe7 10. Nc3 Bd7 11. Na4 Be8 12. Nc5 Ne4 13. Nd3 Nd7 14. Qc2 Bh5 15.
Nfe5 Nxe5 16. Nxe5 Rad8 17. f3 Nf6 18. Qc3 Qa3 19. c5 Ne8 20. Qe3 Bf7 21. Qg5
Nf6 22. Nd3 Rfe8 23. Qd2 Nd7 24. Ne1 Qb4 25. Qxb4 axb4 26. f4 Bh5 27. Kf2 b6 28.
cxb6 Rb8 29. Nd3 Rxb6 30. Rfc1 Ra8 31. Rc2 Be8 32. Rac1 Nb8 33. Bf3 Bd7 34. Nc5
Bc8 35. g4 Kf7 36. gxf5 exf5 37. Na4 Rb5 38. Rxc6 Nxc6 39. Rxc6 Be6 40. Nc5 Rxc5
41. Rxc5 Rxa2 42. Rb5 h6 43. h4 Kf6 44. h5 g5 45. hxg6 Kxg6 46. Rxb4 Kf6 47. Rb7
Ra8 48. b4 Ra3 49. b5 Rb3 50. b6 Bf7 51. Rxf7+ 1-0

[Event "Moscow Open A 2016"]
[Site "Moscow RUS"]
[Date "2016.02.01"]
[Round "3.70"]
[White "Chos, Alexey"]
[Black "Kaasen, Tor Fredrik"]
[Result "1/2-1/2"]
[WhiteTitle "IM"]
[WhiteElo "2348"]
[BlackElo "2168"]
[WhiteFideId "14117762"]
[BlackFideId "1516647"]
[EventDate "2016.01.30"]

1. e4 e6 2. d4 d5 3. Nd2 h6 4. Ngf3 Nf6 5. e5 Nfd7 6. c4 dxc4 7. Nxc4 Be7 8. Bd3
Nb6 9. Nxb6 axb6 10. O-O c5 11. dxc5 bxc5 12. Qe2 Nc6 13. Rd1 Bd7 14. a3 Qc7 15.
Bd2 Na5 16. Bc2 b5 17. Qe4 Bc6 18. Qg4 g5 19. Qh5 Nc4 20. Bc3 Qb7 21. Bb3 Bd5
22. Rac1 Ne3 23. Bxd5 Nxd5 24. Bd2 Ra4 25. g3 Rg8 26. Qxh6 Nf4 27. Bxf4 Qxf3 28.
Qh7 Kf8 29. Be3 Rc4 30. Rd7 Rg6 31. Rxc4 bxc4 32. Qh8+ Rg8 33. Qh6+ Ke8 34. Rd2
Qe4 35. Qh5 Qxe5 36. Qf3 f5 37. Qh5+ Kf8 38. Qh6+ Ke8 39. Re2 Qe4 40. Qh5+ Kf8
41. Bd2 Qb1+ 42. Be1 Bf6 43. Kg2 Qd1 44. Qh6+ Ke7 45. Qh7+ Rg7 46. Qh5 g4 47.
Re3 Bg5 48. Qh8 Rf7 49. Qe5 Bxe3 50. Qxe3 Qd4 51. Qg5+ Qf6 52. Qe3 Qd4 53. Qg5+
Kd7 54. Bc3 Qe4+ 55. Kg1 Qd5 56. Qg8 e5 57. Bxe5 Qd1+ 58. Kg2 Re7 59. Bc3 Qf3+
60. Kg1 Qd1+ 61. Kg2 Qf3+ 62. Kg1 1/2-1/2

[Event "Moscow Open A 2016"]
[Site "Moscow RUS"]
[Date "2016.02.01"]
[Round "3.71"]
[White "Tran, Minh Thang"]
[Black "Tekeyev, Zaur"]
[Result "1/2-1/2"]
[WhiteTitle "FM"]
[BlackTitle "FM"]
[WhiteElo "2156"]
[BlackElo "2347"]
[WhiteFideId "12401080"]
[BlackFideId "4199731"]
[EventDate "2016.01.30"]

1. d4 Nf6 2. c4 g6 3. Nf3 Bg7 4. g3 O-O 5. Bg2 d6 6. O-O Nc6 7. Nc3 a6 8. d5 Na5
9. Nd2 c5 10. dxc6 Nxc6 11. Nb3 Na5 12. Qd3 Bf5 13. e4 Be6 14. Nd5 Bxd5 15. cxd5
Nd7 16. Be3 Bxb2 17. Rab1 Bf6 18. Nxa5 Qxa5 19. Rxb7 Nc5 20. Bxc5 Qxc5 21. Rfb1
Rfc8 22. Bf1 Kg7 23. a4 Qa5 24. R7b6 Qxa4 25. Rxa6 Rxa6 26. Qxa6 Qxe4 27. Qxc8
Qxb1 28. Qc4 Qb2 29. Qe4 Bd4 30. Qe2 Qb7 31. Qb5 Qc8 32. Qc4 Bc5 33. Be2 Kg8 34.
Qe4 h5 35. Kg2 Qb7 36. Bd3 Qb2 37. Qe2 Qd4 38. Bc4 h4 39. Qc2 Qg4 40. h3 Qd4 41.
g4 Qf4 42. Bd3 Bd4 43. Qe2 Be5 44. Qf3 Qh2+ 45. Kf1 Bd4 46. Be4 Kg7 47. Qg2 Qf4
48. Qf3 Qc1+ 49. Kg2 Qd2 50. Kf1 Be5 51. Qd3 Qc1+ 52. Kg2 Kf6 53. Qe3 Qxe3 54.
fxe3 Bb2 55. Kf2 Ke5 56. Bf3 e6 57. dxe6 fxe6 58. Bc6 d5 59. Kf3 Bc1 60. Be8 g5
61. Bf7 Kf6 62. Bg8 Ba3 63. Bh7 Kf7 64. Bd3 Ke7 65. Bh7 Kd6 66. Bg8 d4 67. exd4
Kd5 68. Bh7 Kxd4 69. Bg8 e5 70. Bh7 Kc3 1/2-1/2

[Event "Moscow Open A 2016"]
[Site "Moscow RUS"]
[Date "2016.02.01"]
[Round "3.72"]
[White "Tleptsok, Ruslan"]
[Black "Mammadzada, Gunay"]
[Result "0-1"]
[BlackTitle "WGM"]
[WhiteElo "2156"]
[BlackElo "2341"]
[WhiteFideId "24104485"]
[BlackFideId "13403729"]
[EventDate "2016.01.30"]

1. d4 d5 2. e3 Nf6 3. Bd3 Bg4 4. f3 Bh5 5. c4 e6 6. cxd5 exd5 7. Qb3 b6 8. Ne2
Bg6 9. O-O Be7 10. Ng3 Qd7 11. Qc2 O-O 12. Nc3 Re8 13. Bf5 Qd8 14. Rd1 Bd6 15.
Bxg6 hxg6 16. Nce2 Qe7 17. a3 Nbd7 18. Qc6 Rac8 19. b4 Qe6 20. Kh1 a6 21. Nf1 g5
22. Neg3 g6 23. Ra2 b5 24. Re2 Nb6 25. e4 Bf4 26. exd5 Qd6 27. Ne4 Nxe4 28. Rxe4
Rf8 29. Bxf4 gxf4 30. Qxd6 cxd6 31. Rxf4 f5 32. Rh4 Nxd5 33. Kg1 Rc3 34. Ra1 Re8
35. a4 bxa4 36. g4 f4 37. Nd2 Re2 38. Ne4 Rxf3 39. Nxd6 a3 40. Rc1 Rc3 0-1

[Event "Moscow Open A 2016"]
[Site "Moscow RUS"]
[Date "2016.02.01"]
[Round "3.73"]
[White "Loginov, Anton"]
[Black "Rozhkov, Viacheslav"]
[Result "1/2-1/2"]
[BlackTitle "FM"]
[WhiteElo "2149"]
[BlackElo "2339"]
[WhiteFideId "4125134"]
[BlackFideId "4181484"]
[EventDate "2016.01.30"]

1. e4 c5 2. Nf3 Nc6 3. Bb5 g6 4. Bxc6 bxc6 5. O-O Bg7 6. e5 Nh6 7. Re1 Nf5 8.
Nc3 O-O 9. Ne4 d6 10. exd6 exd6 11. c3 Qb6 12. d3 d5 13. Ng3 Nxg3 14. hxg3 Ba6
15. Qc2 Qb5 16. d4 cxd4 17. cxd4 Rab8 18. Bf4 Qxb2 19. Qxc6 Rb6 20. Qc1 Bc4 21.
a4 Qxc1 22. Bxc1 Rc8 23. a5 Rb5 24. g4 Bf8 25. g5 Bd3 26. Ba3 Bg7 27. Bd6 Be4
28. Ne5 f6 29. gxf6 Bxf6 30. f3 Bf5 31. g4 Bc2 32. Bc5 Rbxc5 33. dxc5 d4 34. Ra3
Be7 35. Nd3 Bxc5 36. Nxc5 Rxc5 37. Rc1 Kg7 38. Rd3 Rc4 39. Rxd4 Rxd4 40. Rxc2
Rd7 1/2-1/2

[Event "Moscow Open A 2016"]
[Site "Moscow RUS"]
[Date "2016.02.01"]
[Round "3.74"]
[White "Karayev, Kanan"]
[Black "Murtazin, Bulat"]
[Result "0-1"]
[WhiteTitle "CM"]
[BlackTitle "FM"]
[WhiteElo "2140"]
[BlackElo "2336"]
[WhiteFideId "13406671"]
[BlackFideId "24151351"]
[EventDate "2016.01.30"]

1. e4 e5 2. Nf3 Nc6 3. Bb5 a6 4. Ba4 Nf6 5. d3 Be7 6. O-O b5 7. Bb3 O-O 8. c3 d5
9. exd5 Nxd5 10. h3 Bf6 11. Nbd2 g6 12. Ne4 Bg7 13. d4 exd4 14. Nxd4 Nxd4 15.
cxd4 Nb6 16. Bf4 Bb7 17. Nc5 Bc6 18. Qc2 Nc4 19. Rfe1 Qxd4 20. Be3 Nxe3 21. Rxe3
Qxb2 22. Qxb2 Bxb2 23. Rd1 Rfe8 24. Nd3 Bd4 25. Rxe8+ Bxe8 26. Nb4 c5 27. Nd5
Ra7 28. Re1 Kf8 29. Bc2 Bc6 30. Nf4 Re7 31. Rd1 g5 32. Nd3 Re2 33. Bb1 Be4 34.
Nc1 Rxf2 35. Rxd4 Rxg2+ 36. Kf1 cxd4 37. Bxe4 Rg3 38. Bb7 Rxh3 39. Nb3 Rh2 40.
Bg2 d3 41. Nd2 f5 42. Kg1 Rh4 43. Kf2 Ra4 44. Bd5 Rd4 45. Bb3 h5 46. Nf3 Rf4 47.
Ke3 Re4+ 48. Kxd3 g4 49. Nd4 g3 50. Nf3 g2 51. Kd2 Rf4 0-1

[Event "Moscow Open A 2016"]
[Site "Moscow RUS"]
[Date "2016.02.01"]
[Round "3.75"]
[White "Sargsyan, Shant"]
[Black "Lagashin, Pavel"]
[Result "1-0"]
[WhiteTitle "CM"]
[WhiteElo "2336"]
[BlackElo "2139"]
[WhiteFideId "13306766"]
[BlackFideId "24132144"]
[EventDate "2016.01.30"]

1. d4 d5 2. c4 e5 3. dxe5 d4 4. Nf3 Nc6 5. g3 Nge7 6. Bg2 Ng6 7. Bg5 Qd7 8. O-O
h6 9. Bc1 Ngxe5 10. Nbd2 Be7 11. a3 a5 12. Qa4 Ra6 13. Rd1 O-O 14. Nxe5 Nxe5 15.
Qxd7 Bxd7 16. b3 Bg4 17. Re1 Bc5 18. Bxb7 Re6 19. Bd5 Re7 20. Bb2 Rfe8 21. f3
Bd7 22. Ne4 Ba7 23. c5 c6 24. Bc4 Nxc4 25. bxc4 d3 26. Bd4 dxe2 27. Nd6 Rb8 28.
Kf2 Rb3 29. Rab1 Rd3 30. Rb7 Rxd4 31. Rxa7 Rd2 32. Rxa5 Bh3 33. Ra8+ Kh7 34. a4
Bf1 35. a5 Ra2 36. a6 Re5 37. a7 Rxc5 38. Nxf7 Rca5 39. Rh8+ Kg6 40. Ne5+ Rxe5
41. a8=Q Rxa8 42. Rxa8 Kf6 43. Rea1 Rc5 44. R8a4 Ke6 45. Ke1 Kd6 46. R1a3 Rh5
47. h4 Rf5 48. Ra5 Rf8 49. Rd3+ Ke6 50. Rc5 Rc8 51. f4 Kf7 52. Re5 Rc7 53. Rd6
Kg8 54. Ree6 Ra7 55. Rxc6 Ra1+ 56. Kf2 Ra2 57. Rc7 Rc2 58. c5 Kf8 59. c6 g5 60.
Rxh6 1-0

[Event "Moscow Open A 2016"]
[Site "Moscow RUS"]
[Date "2016.02.01"]
[Round "3.76"]
[White "Romanov, Stanislav"]
[Black "Tolstikh, Nikolay"]
[Result "1-0"]
[BlackTitle "IM"]
[WhiteElo "2121"]
[BlackElo "2332"]
[WhiteFideId "4116895"]
[BlackFideId "4106350"]
[EventDate "2016.01.30"]

1. e4 c5 2. b3 Nc6 3. Bb2 e6 4. Bb5 Nge7 5. f4 a6 6. Bxc6 Nxc6 7. Nf3 d5 8. Qe2
d4 9. d3 Be7 10. Nbd2 b5 11. O-O O-O 12. a4 Rb8 13. axb5 axb5 14. e5 Nb4 15. Ne4
Bb7 16. Rf2 Ra8 17. Rxa8 Qxa8 18. c3 dxc3 19. Bxc3 Nd5 20. Bd2 Qa3 21. g4 Qxb3
22. f5 Ra8 23. f6 gxf6 24. Bh6 Ra1+ 25. Kg2 Nc3 26. exf6 Nxe2 27. fxe7 Ra8 28.
Rxe2 Qxd3 29. Nf6+ Kh8 30. Re3 Qd2+ 31. Kg3 Qd6+ 32. Bf4 Qxe7 33. Be5 Qd8 34.
Ng5 Qd1 35. Kh4 Ra4 36. Kh5 Kg7 37. Nfxh7+ Kg8 38. h3 b4 39. Kh6 Qc2 40. Nf6+ 1-0

[Event "Moscow Open A 2016"]
[Site "Moscow RUS"]
[Date "2016.02.01"]
[Round "3.77"]
[White "Martynyuk, Elizaveta"]
[Black "Mikhailov, Viacheslav"]
[Result "0-1"]
[WhiteTitle "WFM"]
[BlackTitle "FM"]
[WhiteElo "2115"]
[BlackElo "2332"]
[WhiteFideId "24128511"]
[BlackFideId "4187369"]
[EventDate "2016.01.30"]

1. e4 c5 2. Nf3 Nc6 3. d4 cxd4 4. Nxd4 g6 5. c4 Bg7 6. Be3 d6 7. Nc3 Nf6 8. Be2
O-O 9. O-O Nxd4 10. Bxd4 Be6 11. Rc1 Rc8 12. b3 Qa5 13. a3 a6 14. b4 Qd8 15. Nd5
Nxe4 16. Bxg7 Kxg7 17. Qd4+ Nf6 18. Nxf6 exf6 19. Rfd1 Re8 20. g3 Bd7 21. Bf3
Bc6 22. Bxc6 Rxc6 23. a4 Qc7 24. b5 Rc5 25. Kg2 d5 26. b6 Qc8 27. Qd2 Rxc4 28.
Rxc4 dxc4 29. Qd7 c3 30. a5 c2 31. Qxc8 Rxc8 32. Rc1 Rc5 33. h4 f5 34. Kf3 Kf6
35. Ke3 Ke5 36. Kd3 Kd5 37. Rxc2 Rxc2 38. Kxc2 Kc4 0-1

[Event "Moscow Open A 2016"]
[Site "Moscow RUS"]
[Date "2016.02.01"]
[Round "3.78"]
[White "Anchutin, Nikita"]
[Black "Solovjev, Nikolay2"]
[Result "1/2-1/2"]
[BlackTitle "FM"]
[WhiteElo "2098"]
[BlackElo "2332"]
[WhiteFideId "34129895"]
[BlackFideId "24112127"]
[EventDate "2016.01.30"]

1. d4 Nf6 2. c4 g6 3. Nf3 Bg7 4. g3 O-O 5. Bg2 c6 6. O-O d6 7. Nc3 Qb6 8. e4 Bg4
9. Rb1 Qa6 10. b3 b5 11. cxb5 cxb5 12. b4 Rc8 13. Qd3 Nc6 14. Be3 e5 15. dxe5
Nxe5 16. Nxe5 dxe5 17. a4 Bf8 18. Rfc1 Bd7 19. Bf1 Qb7 20. axb5 Be6 21. Bg2 Bc4
22. Qd2 Rd8 23. Qb2 Nxe4 24. Bc5 Bg7 25. Ra1 Nf6 26. Ra5 Nd7 27. Rca1 Nb6 28.
Na4 Rac8 29. Rxa7 Nxa4 30. R7xa4 Qxb5 31. Ra5 Qc6 32. h3 Bd3 33. Re1 Rb8 34. Qa2
Rd7 35. Ra7 Rbd8 36. Qa5 Bf6 37. Rxd7 Rxd7 38. Rd1 Bd8 39. Qa1 Qe6 40. Qc3 Bb5
41. Rxd7 Bxd7 42. Qd3 1/2-1/2

[Event "Moscow Open A 2016"]
[Site "Moscow RUS"]
[Date "2016.02.01"]
[Round "3.79"]
[White "Skatchkov, Valery"]
[Black "Prikhodko, Anton"]
[Result "1/2-1/2"]
[WhiteElo "2068"]
[BlackElo "2326"]
[WhiteFideId "24195812"]
[BlackFideId "24115150"]
[EventDate "2016.01.30"]

1. d4 d5 2. Nf3 c5 3. g3 Nc6 4. Bg2 e6 5. O-O Qb6 6. dxc5 Bxc5 7. a3 Nf6 8. b4
Be7 9. c4 dxc4 10. Be3 Qc7 11. Qc2 Nd5 12. Qxc4 Nxe3 13. fxe3 Qb6 14. Kf2 e5 15.
Nc3 Be6 16. Nd5 Bxd5 17. Qxd5 O-O 18. Rad1 Rad8 19. Qc4 Rc8 20. Qe4 Rce8 21. Bh3
Bf6 22. Kg2 Qa6 23. Kf2 Qxa3 24. b5 Nd8 25. Nd2 Qc5 26. Nc4 Ne6 27. Bxe6 Rxe6
28. Rd5 Qc7 29. Rfd1 Re7 30. Nd6 g6 31. R1d2 Bg7 32. Rc2 Qb8 33. Qg4 Re6 34.
Rcd2 Qc7 35. Kg2 a6 36. bxa6 bxa6 37. Qa4 Qc1 38. R5d3 Qc5 39. Qxa6 Qb4 40. Qa2
Bh6 41. Qc4 Qb6 42. Qe4 Qa6 43. Qh4 Qc6+ 44. Kh3 e4 45. Rd4 Bg7 46. Rd5 Qc1 1/2-1/2